00429 2200169 4500001002100000005001500021035002000036245004700056100001100103250001700114300003300131260003300164082001000197084001600207020002200223650001400245INLIS00000000000030720240602123132 a0010-06240000161 aNegara dengan Penduduk Terbanyak /cDrajat0 aDrajat acetakan ke-1 aiv, 108 hlm :bilus ;c21 cm aJakarta :bAzka Press,c2007 a304.6 a304.6 DRA n a978-979-121-168-0 4aPengayaan